National Anthem of Australia - ''Advance Australia Fair'' - Statistics

General Stats
  • This quiz has been taken 56 times
  • The average score is 68 of 108
Answer Stats
Answer % Correct
Australians
100%
for
96%
all
93%
and
93%
are
93%
free;
93%
let
93%
us
93%
we
93%
and
89%
for
89%
golden
89%
rejoice,
89%
soil
89%
toil,
89%
wealth
89%
by
86%
is
86%
our
86%
sea;
86%
Our
82%
We've
82%
beauty
79%
home
79%
land
79%
rich
79%
Advance
75%
and
75%
Australia
75%
Fair!
75%
gifts
75%
in
75%
In
75%
nature's
75%
rare;
75%
abounds
71%
every
71%
girt
71%
history's
71%
let
71%
of
71%
page,
71%
stage
71%
Advance
68%
Australia
68%
Fair!
68%
In
68%
joyful
68%
let
64%
sing,
64%
strains
64%
us
64%
Beneath
61%
Cross,
61%
radiant
61%
Southern
61%
then
61%
and
57%
hands;
57%
hearts
57%
our
57%
toil
57%
with
57%
all
54%
Commonwealth
54%
lands;
54%
make
54%
of
54%
ours
54%
the
54%
this
54%
we'll
54%
For
50%
of
50%
one
50%
those
50%
To
50%
who've
50%
across
46%
boundless
46%
come
46%
plains
46%
seas
46%
share;
46%
the
46%
to
46%
we've
46%
Advance
39%
Australia
39%
Fair!
39%
In
39%
joyful
39%
let
39%
sing
39%
strains
39%
us
39%
Advance
36%
all
36%
Australia
36%
combine
36%
Fair.
36%
let
36%
renowned
36%
then
36%
to
36%
us
36%
With
36%
courage
32%
No matching quizzes found
Score Distribution
Percent of People with Each Score
Percentile by Number Answered
Your Score History
You have not taken this quiz